000 02460nam a22001577a 4500
041 _aukr
080 _a09
090 _bГОН
100 _aГончар, Т. М.
245 _aНаціонально-культурна специфіка взаємодії вербальних та невербальних компонентів комунікації
260 _aОстрог
_bКАФ
_c2013
300 _a71
520 _aВступ. Розділ І. Взаємозвязок вербальних і невербальних засобів спілкування. 1.1. Особливості невербального спілкування 1.2. Фізіологічний стан людини як одна з основ результативного спілкування 1.3. Інтонація голосу і особливості лексики Розділ ІІ. Національно-культурна специфіка взаємодії вербальних і невербальних засобів комунікації. 2.1. Національно-культурні особливості мовленнєвої поведінки 2.2. Національна специфіка тлумачення найпоширеніших жестів 2.3. Основи міжнародного етикету вербального і невербального спілкування Розділ ІІІ. Використання засобів невербальної комунікації в мистецтві та літературі. 3.1. Візуальне та інформаційне мистецтво: гіперреалізм, концептуалізм, боді-арт, ленд-арт, акціонізм(хеппенінг та перфоманс) 3.2. Мовна репрезентація невербальної поведінки героїв художнього твору та їх роль у тексті Розділ IV. Охорона праці. Удосконалення умов праці на підприємстві. 4.1. Поняття та види умов праці 4.2. Класифікація умов праці 4.3. Удосконалення умов праці на підприємстві Висновки. Список використаної літератури.
_0комунікація, вербальне, невербальне
650 _aResearch Papers
999 _c285339
_d285339
942 _cBK